Which Has More Episodes II Quiz Stats

 Plays Quiz Updated Apr 18, 2019

Score 0/20 Timer 04:00
0 Plays Today
Column A Answer % Correct
House???
87.9%
Better Call Saul???
84.2%
Murder, She Wrote???
83.3%
Gunsmoke???
82.2%
The West Wing???
81.2%
Stranger Things???
80.9%
Last Man Standing???
77.8%
24???
77.3%
The Walking Dead???
73.9%
Fantasy Island???
70.3%
Column A Answer % Correct
Dynasty???
67.1%
Game of Thrones???
66.1%
The Tonight Show Starring Johnny Carson???
65.6%
I Dream of Jeannie???
58.1%
My Three Sons???
55.4%
Welcome Back, Kotter???
54.5%
Friends???
50.8%
Blue Bloods???
41.2%
Matlock???
40.4%
The Bob Newhart Show???
39.8%

You're not logged in!

Compare scores with friends on all Sporcle quizzes.
OR
Log In

Sporcle TV

Today on Sporcle TV


Watch our educational content, quiz creation guides, and fun videos on Sporcle TV.

Show Comments

Extras

Top Quizzes Today


Score Distribution

Your Account Isn't Verified!

In order to create a playlist on Sporcle, you need to verify the email address you used during registration. Go to your Sporcle Settings to finish the process.

Report this User

Report this user for behavior that violates our Community Guidelines.

Details: